[Event "AUT-chT2M 9899"]
[Site "Austria"]
[Date "1999.03.13"]
[Round "10"]
[White "Hackbarth, Christa"]
[Black "Wiesenecker, Franz"]
[Result "1/2-1/2"]
[WhiteElo "2005"]
[BlackElo "1802"]
[PlyCount "132"]
[EventDate "1998.11.??"]
[EventType "team-swiss"]
[EventRounds "11"]
[EventCountry "AUT"]
[SourceTitle "EXT 2000"]
[Source "ChessBase"]
[SourceDate "1999.11.16"]
[SourceVersion "1"]
[SourceVersionDate "1999.11.16"]
[SourceQuality "1"]

1. d4 d5 2. Nf3 Nf6 3. Bf4 e6 4. e3 Bd6 5. Bg3 Bxg3 6. hxg3 Nbd7 7. Bd3 c5 8. c3 a6 9. Nbd2 c4 10. Bc2 b5 11. a4 Bb7 12. Qb1 h6 13. b3 Bc6 14. 0-0 0-0 15. Re1 cxb3 16. Bxb3 Rb8 17. Qa2 Qc7 18. axb5 Bxb5 19. c4 dxc4 20. Bxc4 Rfc8 21. Rec1 Nb6 22. Bxb5 Qxc1+ 23. Rxc1 Rxc1+ 24. Bf1 Nbd5 25. Qxa6 Ng4 26. Nh2 Ngf6 27. Qa3 Rbc8 28. e4 Nc3 29. Qxc1 Ne2+ 30. Bxe2 Rxc1+ 31. Nhf1 Kf8 32. f3 Ke7 33. Kf2 Rc2 34. Nc4 Ra2 35. Nfd2 Nd7 36. Ke3 f6 37. f4 g6 38. g4 g5 39. g3 Rc2 40. Bd3 Rc1 41. Nf3 Ra1 42. e5 gxf4+ 43. gxf4 fxe5 44. Ncxe5 Nf6 45. Kf2 Ra3 46. Bg6 Nd5 47. Kg3 Kf6 48. Bh5 Ra7 49. Nd2 Ra3+ 50. Nef3 Nc3 51. Kh4 Ra1 52. Kh3 Ra3 53. Nc4 Ra2 54. Nd6 Ne2 55. Ne4+ Ke7 56. f5 Nf4+ 57. Kh4 exf5 58. gxf5 Ra3 59. f6+ Ke6 60. Bg4+ Kd5 61. Ned2 Ra6 62. f7 Rf6 63. Bh5 Nxh5 64. Kxh5 Rxf7 65. Kxh6 Rf4 66. Kg5 Rxd4 1/2-1/2

[Event "AUT-chT2M 9899"]
[Site "Austria"]
[Date "1998.12.13"]
[Round "5"]
[White "Loeffler, Christoph"]
[Black "Wiesenecker, Franz"]
[Result "1-0"]
[WhiteElo "2055"]
[BlackElo "1802"]
[PlyCount "51"]
[EventDate "1998.11.??"]
[EventType "team-swiss"]
[EventRounds "11"]
[EventCountry "AUT"]
[SourceTitle "EXT 2000"]
[Source "ChessBase"]
[SourceDate "1999.11.16"]
[SourceVersion "1"]
[SourceVersionDate "1999.11.16"]
[SourceQuality "1"]

1. f4 d5 2. Nf3 Nf6 3. b3 e6 4. Bb2 Nbd7 5. e3 a6 6. Be2 Be7 7. 0-0 0-0 8. Ne5 Nxe5 9. fxe5 Nd7 10. Bg4 f5 11. Bf3 c5 12. d4 b5 13. c4 bxc4 14. bxc4 Rb8 15. Bc3 Nb6 16. Ba5 Bb7 17. Nc3 dxc4 18. Na4 Bxf3 19. Rxf3 cxd4 20. exd4 Rb7 21. Rb1 Qd5 22. Bxb6 Rfb8 23. Nc3 Qd7 24. Na4 Bd8 25. Nc5 Rxb6 26. Rxb6 1-0

[Event "Wch Seniors 08th"]
[Site "Grieskirchen"]
[Date "1998.11.12"]
[Round "4"]
[White "Bahr, Otto"]
[Black "Wiesenecker, Franz"]
[Result "1-0"]
[WhiteElo "1752"]
[BlackElo "1797"]
[PlyCount "65"]
[EventDate "1998.11.08"]
[EventType "swiss"]
[EventRounds "11"]
[EventCountry "AUT"]
[SourceTitle "CBM 067 Extra"]
[Source "ChessBase"]
[SourceDate "1999.01.01"]
[SourceVersion "1"]
[SourceVersionDate "1999.01.01"]
[SourceQuality "1"]

1. e4 Nf6 2. Nc3 d5 3. e5 Ne4 4. d3 Nxc3 5. bxc3 c5 6. f4 Nc6 7. Nf3 Bg4 8. Be2 e6 9. 0-0 d4 10. c4 Be7 11. h3 Bxf3 12. Bxf3 Qc7 13. Rb1 0-0 14. Be4 g6 15. a3 Rab8 16. Qf3 f5 17. exf6 Bxf6 18. Qg4 Qe7 19. Bd2 Rbc8 20. Rbe1 Kh8 21. Bd5 e5 22. Bxc6 Rxc6 23. fxe5 Bg7 24. Rxf8+ Bxf8 25. e6 Qe8 26. e7 Bg7 27. Bg5 h6 28. Bf4 Kh7 29. Re6 g5 30. Qf5+ Kg8 31. Rxc6 bxc6 32. Qe6+ Kh7 33. Bd6 1-0

[Event "Wch Seniors 08th"]
[Site "Grieskirchen"]
[Date "1998.11.11"]
[Round "3"]
[White "Wiesenecker, Franz"]
[Black "Knobling, Rolf"]
[Result "1/2-1/2"]
[WhiteElo "1797"]
[BlackElo "1452"]
[PlyCount "94"]
[EventDate "1998.11.08"]
[EventType "swiss"]
[EventRounds "11"]
[EventCountry "AUT"]
[SourceTitle "CBM 067 Extra"]
[Source "ChessBase"]
[SourceDate "1999.01.01"]
[SourceVersion "1"]
[SourceVersionDate "1999.01.01"]
[SourceQuality "1"]

1. e4 c5 2. Nf3 Nc6 3. Bb5 a6 4. Bxc6 bxc6 5. 0-0 d6 6. Re1 e5 7. h3 Nf6 8. c3 Be6 9. d4 cxd4 10. cxd4 exd4 11. Nxd4 Qd7 12. Nxe6 fxe6 13. Nc3 e5 14. Be3 Be7 15. Qa4 0-0 16. Qc4+ Kh8 17. Rac1 Rfc8 18. Qd3 Qe6 19. Na4 Nd7 20. b3 h6 21. Re2 g5 22. Rec2 c5 23. f3 Kg7 24. Rd1 Rcb8 25. Nb2 Nb6 26. Nc4 Nxc4 27. Rxc4 a5 28. Bd2 Ra6 29. Ra4 Rba8 30. Be1 Kg6 31. Qd5 Qxd5 32. Rxd5 h5 33. g4 h4 34. Kf2 Kf7 35. Ke3 Ke6 36. Bd2 R8a7 37. Kd3 Bd8 38. Kc4 Rb7 39. Rd3 Rba7 40. a3 Rb7 41. b4 cxb4 42. axb4 Rc7+ 43. Kb3 axb4 44. Rxa6 Rd7 45. Bxb4 Be7 46. Kc3 Rc7+ 47. Kd2 Rb7 1/2-1/2